| 000 | 00462nam a22001457a 4500 | ||
|---|---|---|---|
| 008 | 220411b |||||||| |||| 00| 0 eng d | ||
| 020 | _a9780262182607. | ||
| 050 | _aBF698.95.R44 2007 | ||
| 100 |
_aRichardson,C.Robert _951314 |
||
| 245 |
_aEvolution psychology as maladapted psychology. _cRobert C.Richardson |
||
| 260 |
_aLondon: _bThe MIT Press, _c2007. |
||
| 300 |
_axi _b213p.; _c23cm. |
||
| 650 |
_aevolutionary psychology _951315 |
||
| 942 |
_2lcc _cMONOGRAPH |
||
| 999 |
_c131299 _d131299 |
||